| 000 | 00000nam##2200000za#4500 |
| 001 | 9.576337 |
| 003 | CaOODSP |
| 005 | 20210624185106 |
| 007 | cr ||||||||||| |
| 008 | 150406|1998||||xxc|||||o f|0| 0 eng|d |
| 022 | |a1480-8013 |
| 040 | |aCaOODSP|beng |
| 043 | |an-cn--- |
| 086 | 1 |aFs22-9/3-1998E-PDF |
| 110 | 1 |aCanada. |bDepartment of Fisheries and Oceans. |
| 245 | 13|aAn historical perspective on coastal zone management in Canada / |h[electronic resource]|c[by] J. G. Michael Parkes and E. W. Manning. |
| 260 | |aOttawa - Ontario : |bFisheries and Oceans Canada |c1998. |
| 300 | |a33p.|breferences, tables |
| 490 | 1 |aOceans conservation report series|x1480-8013 |
| 500 | |a"Canadian technical report of fisheries and aquatic sciences 2213". |
| 590 | |a13-10-Supp|b2013-04-13 |
| 830 | #0|aOceans conservation report series,|x1480-8013|w(CaOODSP)9.507467 |
| 856 | 40|ahttp://publications.gc.ca|qPDF|s77 KB|uhttps://publications.gc.ca/collections/collection_2013/mpo-dfo/Fs22-9-3-1998-eng.pdf |